| 000 | 00000nam##2200000za#4500 |
| 001 | 9.570474 |
| 003 | CaOODSP |
| 005 | 20220302142614 |
| 007 | cr ||||||||||| |
| 008 | 150406|2004||||xxc|||||o f|0| 0 eng|d |
| 040 | |aCaOODSP|beng |
| 043 | |an-cn--- |
| 086 | 1 |aIu182-2/2004-D-05E-PDF |
| 110 | 1 |aCanada. |bIndustry Canada. |bMicro-Economic Policy Analysis Branch. |
| 245 | 12|aA critical review of the microeconomic migration literature / |h[electronic resource]|c[by] Benoit Dostie, Pierre Thomas Léger. |
| 260 | |aOttawa - Ontario : |bIndustry Canada. |
| 300 | |a30p.|breferences |
| 490 | 1 |aSkills Research Initiative - Working paper series|v2004 D-05 |
| 546 | |a(Résumé en français.) |
| 590 | |a12-10-Supp|b2012-03-23 |
| 720 | 1 |aDostie, Benoit |
| 720 | 1 |aLéger, Pierre Thomas |
| 830 | #0|aSkills Research Initiative working paper series ;|v2004 D-05|w(CaOODSP)9.506390 |
| 856 | 40|ahttp://publications.gc.ca|qPDF|s440 KB|uhttps://publications.gc.ca/collections/collection_2011/ic/Iu182-2-2004-D-05-eng.pdf|y2004 D-05 |